[Event "Oberliga Nord O 1920"]
[Site "Germany"]
[Date "2021.08.14"]
[Round "8.7"]
[White "Lindhauer, Thorben"]
[Black "Glienke, Manfred"]
[Result "1/2-1/2"]
[WhiteElo "1937"]
[BlackElo "2231"]
[PlyCount "106"]
[EventDate "2019.09.29"]
[EventType "team-tourn"]
[EventRounds "9"]
[EventCountry "GER"]
[SourceTitle "EXT 2023"]
[Source "ChessBase"]
[SourceDate "2022.10.05"]
[SourceVersion "1"]
[SourceVersionDate "2022.10.05"]
[SourceQuality "1"]
[WhiteTeam "Berlin SF III"]
[BlackTeam "Kreuzberg"]
[WhiteTeamCountry "GER"]
[BlackTeamCountry "GER"]

1. d4 Nf6 2. c4 e6 3. Nf3 d5 4. Bg5 Be7 5. Nc3 0-0 6. e3 Nbd7 7. Rc1 c6 8. Bd3 dxc4 9. Bxc4 Nd5 10. Bxe7 Qxe7 11. 0-0 Nxc3 12. Rxc3 e5 13. dxe5 Nxe5 14. Nxe5 Qxe5 15. Qd2 Bf5 16. Rd1 Qe7 17. Bd3 Be6 18. Qc2 g6 19. Bc4 Bxc4 20. Rxc4 Rad8 21. h3 Rxd1+ 22. Qxd1 Rd8 23. Rd4 Rxd4 24. Qxd4 c5 25. Qd5 b6 26. b3 Kg7 27. a4 Qe6 28. Qd3 h5 29. h4 Kf6 30. g3 Ke7 31. Kf1 Qd7 32. Qc4 Kd8 33. Ke1 Kc8 34. a5 Qe6 35. Qa6+ Kb8 36. Qb5 Kb7 37. a6+ Kc7 38. Qd3 Kc6 39. Qc2 b5 40. Qa2 Qd5 41. Qa5 Qd3 42. Qa1 Qd6 43. Qh8 Kb6 44. Qg7 Qe6 45. Qf8 Qd7 46. e4 Qe6 47. f3 Kxa6 48. Qxc5 Qxb3 49. Qc6+ Ka5 50. Qc7+ Kb4 51. Qd6+ Ka5 52. Qc7+ Kb4 53. Qd6+ Ka5 1/2-1/2

[Event "Oberliga Nord O 1920"]
[Site "Germany"]
[Date "2019.10.20"]
[Round "2.8"]
[White "Lindhauer, Thorben"]
[Black "Acikel, Mert"]
[Result "1/2-1/2"]
[WhiteElo "1928"]
[BlackElo "2103"]
[PlyCount "81"]
[EventDate "2019.09.29"]
[EventType "team-tourn"]
[EventRounds "9"]
[EventCountry "GER"]
[SourceTitle "CBM 195 Extra"]
[Source "ChessBase"]
[SourceDate "2020.05.31"]
[SourceVersion "1"]
[SourceVersionDate "2020.05.31"]
[SourceQuality "1"]

1. d4 d5 2. c4 e6 3. Nc3 Nf6 4. Bg5 Be7 5. Nf3 0-0 6. e3 h6 7. Bh4 b6 8. Bd3 Bb7 9. 0-0 Nbd7 10. Rc1 c5 11. cxd5 Nxd5 12. Bxe7 Qxe7 13. a3 Rfd8 14. Qe2 a6 15. Nxd5 Bxd5 16. Rfd1 Bb7 17. h3 Qf6 18. Bb1 g6 19. Ba2 Bxf3 20. Qxf3 Qxf3 21. gxf3 cxd4 22. Rxd4 Ne5 23. Rxd8+ Rxd8 24. f4 Nf3+ 25. Kg2 Nh4+ 26. Kf1 Rd2 27. Rc8+ Kg7 28. Rc7 Kf6 29. e4 g5 30. e5+ Kg6 31. Bb1+ f5 32. Ba2 gxf4 33. Bxe6 f3 34. Kg1 Rxb2 35. Bd5 Re2 36. e6 Kg5 37. Rc6 Re1+ 38. Kh2 Re2 39. Kg1 Re1+ 40. Kh2 Re2 41. Kg1 1/2-1/2